000 01322nam a2200277Ia 4500
003 GCL
008 140319s9999 xx 000 0 ara d
020 _a6177322977
040 _aGCL /
_cGCL
082 0 4 _aق
_b953.0962
_bص ص
100 1 _aعمر عبدالعزيز عمر
245 1 0 _aالصعيد فى العصر العثمانى 923 - 1213 هـ \ 1517 - 1798 م /
_cعمر عبدالعزيز عمر
700 1 _aصلاح احمد هريدى على
250 _aالاولى
260 _aالقاهرة :
_bعين للدراسات والبحوث الانسانية والاجتماعية ،
_c2006
300 _a416 ص ؛
_c24 سم
650 0 4 _aمصر - تاريخ - العصر العثمانى ( 1517-1914 م )
650 0 4 _aالصعيد - تاريخ - العصر العثمانى
650 0 4 _aالصعيد - الادارة العامة - العصر العثمانى
650 0 4 _aالصعيد - الاحوال الاقتصادية - العصر العثمانى
650 0 4 _aالصعيد - الاحوال الاجتماعية - العصر العثمانى
650 0 4 _aمصر - الادارة العامة - العصر العثمانى
650 0 4 _aالضرائب - مصر - العصر العثمانى
650 0 4 _aالقبائل العربية - الصعيد - مصر
942 _2ddc
_cBK
999 _c9686
_d9686